000 00395nam a22001337a 4500
999 _c27298
_d27298
008 240104b ||||| |||| 00| 0 eng d
082 0 0 _a623.87
_bI325
110 _95626
_aThe Institute of Marine Engineers
245 1 0 _aThe running and maintenance of marine machinery
260 _aLondon
_bThe Institute of Marine Engineers
_c1965
300 _a288 p
650 0 _aMarine machinery
942 _cBK